000 00328nam a22001457a 4500
020 _a0-330-35313-6
082 _a823
_bAND/J
100 _aANDREWS, KATE
245 _aJUST DO IT, MEL
260 _aLONDON
_bMAC MILLAN CHILDRENS BOOKS
_c1998
300 _a133
520 _aENGLISH NOVEL
650 _aENGLISH NOVEL
942 _cBK
999 _c5654
_d5654